| 000 | 00407nam a22001337a 4500 | ||
|---|---|---|---|
| 020 | _qPB. | ||
| 040 | _cFIZZA ISHAQ | ||
| 082 |
_a153.6 _bSUZ |
||
| 100 |
_aELGIN,HADEN SUZETTE. _9132744 |
||
| 245 |
_aYOU CAN'T SAY THAT TO ME STAPPONG THE PAIN OF VERBAL ABUSE-AN 8 STEP PROGRAM / _cSUZETTE HADEN ELGIN. |
||
| 260 |
_aNEW YORK; _bJOHN WILEY & SONS, _c1995. |
||
| 300 |
_a206 P. ; _c8.9X5.9IN |
||
| 942 |
_2ddc _cBK |
||
| 999 |
_c615804 _d615804 |
||